Business & Economic Review / (Record no. 523472)

000 -LEADER
fixed length control field 00458nas a22001577a 4500
005 - DATE AND TIME OF LATEST TRANSACTION
control field 20190323112735.0
008 - FIXED-LENGTH DATA ELEMENTS--GENERAL INFORMATION
fixed length control field 190322b ||||| |||| 00| 0 eng d
022 ## - INTERNATIONAL STANDARD SERIAL NUMBER
International Standard Serial Number 2074-1693
040 ## - CATALOGING SOURCE
Transcribing agency NUST
082 ## - DEWEY DECIMAL CLASSIFICATION NUMBER
Classification number 332
110 ## - MAIN ENTRY--CORPORATE NAME
Corporate name or jurisdiction name as entry element Institute of Management Sciences (IMSCIENCES)
9 (RLIN) 13914
245 ## - TITLE STATEMENT
Title Business & Economic Review /
260 ## - PUBLICATION, DISTRIBUTION, ETC.
Place of publication, distribution, etc. Peshawar Pakistan
Name of publisher, distributor, etc. Institute of Management Sciences (IMSCIENCES)
Date of publication, distribution, etc. 2009
300 ## - PHYSICAL DESCRIPTION
Extent bounded
942 ## - ADDED ENTRY ELEMENTS (KOHA)
Koha item type Continuing Resources
Source of classification or shelving scheme
Serial record 1
Holdings
Withdrawn status Lost status Source of classification or shelving scheme Damaged status Not for loan Permanent Location Current Location Shelving location Date acquired Total Checkouts Full call number Barcode Date last seen Price effective from Koha item type
          Central Library (CL) Central Library (CL) Reference 03/23/2019   332 S3HJ-1 03/23/2019 03/23/2019 Continuing Resources
          Central Library (CL) Central Library (CL) Reference 03/23/2019   332 S3HJ-2 03/23/2019 03/23/2019 Continuing Resources
          Central Library (CL) Central Library (CL) Reference 03/23/2019   332 S3HJ-3 03/23/2019 03/23/2019 Continuing Resources
          Central Library (CL) Central Library (CL) Reference 03/23/2019   332 S3HJ-4 03/23/2019 03/23/2019 Continuing Resources
          Central Library (CL) Central Library (CL) Reference 03/23/2019   332 S3HJ-5 03/23/2019 03/23/2019 Continuing Resources
          Central Library (CL) Central Library (CL) Reference 03/23/2019   332 S3HJ-6 03/23/2019 03/23/2019 Continuing Resources
          Central Library (CL) Central Library (CL) Reference 03/23/2019   332 S3HJ-7 03/23/2019 03/23/2019 Continuing Resources
© 2023 Central Library, National University of Sciences and Technology. All Rights Reserved.